000 01099nam a2200277Ia 4500
005 20220317001409.0
008 161108s2012 ck a g 000 0 spa
020 _a9789586828383
082 0 4 _a523.2
_bC82e
100 1 _aCuartas Restrepo, Pablo
245 1 3 _aEl sistema solar
_bplanetas, mundos errantes y dioses
_cPablo Cuartas Restrepo
250 _a1a. edición
300 _a63 páginas
_bilustraciones, fotografías en color
_c24 cm
490 _aCielo abierto
500 _aIncluye bibliografía y glosario
505 _aHistoria del sistema solar -- Mundos de nuestro sistema planetario -- Mercurio -- Venus -- Tierra -- Marte -- Júpiter -- Saturno -- Urano -- Neptuno -- Objetos transneptunianos y planetas enanos -- ¿Cómo se define un planeta?
650 1 4 _2LEMB
_aSistema solar
650 1 4 _2LEMB
_aOrigen del universo
650 1 4 _2LEMB
_aPlanetas
942 _2ddc
_cBK
264 _aBogotá
_bAlfaomega
_c2012
336 _atexto
_btxt
_2rdacontent
337 _asin mediación
_bn
_2rdamedia
338 _avolumen
_bnc
_2rdacarrier
040 _aCO-BoRNBP
_bspa
_erda
_cCO-BoRNBP
999 _c6853
_d6853